天津市地图点选 Tianjin Click Map - Statistics

General Stats
  • This quiz has been taken 45 times
    42 since last reset
  • The average score is 11 of 16
Answers on the Map
Answers color-coded by a green-red scale on the quiz's map according to % correct below.
 
Answer Stats
Answer % Correct
和平区
96%
北辰区
78%
滨海新区
78%
河东区
74%
津南区
74%
宝坻区
74%
蓟州区
74%
河北区
70%
东丽区
70%
西青区
70%
河西区
65%
红桥区
65%
武清区
65%
宁河区
65%
南开区
61%
静海区
61%
No matching quizzes found
Score Distribution
Percent of People with Each Score
Percentile by Number Answered
Your Score History
You have not taken this quiz since the last reset